000 01343cad a22001935a 4500
001 L153871
008 110914s2011 xxk f 000 0 eng d
035 _a(Sirsi) u153871
041 0 _aeng
110 2 _aDavis Langdon
_94649
245 0 0 _aReview of contracting supply chain
_h[electronic resource]
260 _aLondon
_bDavis Langdon
_c2011
520 _aThe UK economic environment over the last few years has thrust significant change upon the construction industry. During this time, most clients have reduced their construction activity and, in many cases, have been forced to address their balance sheets and re-capitalise assets. However, recent months have seen a growing curiosity around the state of the contracting supply chain as several clients start to re-focus on their pipeline of development opportunity. So what is the condition of the supply chain? How have contracting organisations faired during the recession? How much capacity and capability remains within the industry?
590 _aKA NTK
651 4 _aUnited Kingdom
_y
690 _aBUILT ENVIRONMENT-CONSTRUCTION MARKET
856 4 0 _uhttps://www.davislangdon.com/upload/StaticFiles/EME%20Publications/Procurement%20Publications/DL-060911%20State%20of%20Contracting%20Supply%20Chain.pdf
_zView the report free of charge at www.davislangdon.com
942 _n0
999 _c112740
_d112740